[Event "Quebec-ch op"]
[Site "Montreal"]
[Date "2013.07.28"]
[Round "9"]
[White "Berube, Antoine"]
[Black "Sapozhnikov, Roman"]
[Result "0-1"]
[WhiteElo "2174"]
[BlackElo "2272"]
[PlyCount "82"]
[EventDate "2013.07.21"]
[EventType "swiss"]
[EventRounds "9"]
[EventCountry "CAN"]
[SourceTitle "EXT 2014"]
[Source "ChessBase"]
[SourceDate "2013.11.20"]
[SourceVersion "1"]
[SourceVersionDate "2013.11.20"]
[SourceQuality "1"]

1. c4 e5 2. g3 Nc6 3. Bg2 g6 4. Nc3 Bg7 5. d3 d6 6. e3 Nf6 7. Nge2 0-0 8. 0-0 Be6 9. Nd5 Qd7 10. Re1 Nd8 11. Rb1 Bh3 12. Bh1 Nh5 13. b4 f5 14. f4 Ne6 15. b5 g5 16. Bf3 Bg4 17. Bxg4 fxg4 18. Nec3 exf4 19. Qxg4 Bxc3 20. Nxc3 Nf6 21. Qf5 fxg3 22. hxg3 Nh5 23. Qh3 Qf7 24. Re2 Nc5 25. d4 g4 26. Qxg4+ Kh8 27. dxc5 Qf1+ 28. Kh2 Rf2+ 29. Rxf2 Qxf2+ 30. Kh3 Qf1+ 31. Kh4 Rg8 32. Qd4+ Nf6 33. Bb2 Qf3 34. Qxf6+ Qxf6+ 35. Kh3 Qf5+ 36. Kg2 Qc2+ 37. Kh3 Qf5+ 38. Kg2 Qc2+ 39. Kh3 Re8 40. Nd5+ Kg8 41. Nf6+ Kf7 0-1

[Event "Quebec-ch op"]
[Site "Montreal"]
[Date "2013.07.26"]
[Round "7"]
[White "Voskanyan, Vahagn"]
[Black "Sapozhnikov, Roman"]
[Result "1/2-1/2"]
[WhiteElo "2241"]
[BlackElo "2272"]
[PlyCount "108"]
[EventDate "2013.07.21"]
[EventType "swiss"]
[EventRounds "9"]
[EventCountry "CAN"]
[SourceTitle "EXT 2014"]
[Source "ChessBase"]
[SourceDate "2013.11.20"]
[SourceVersion "1"]
[SourceVersionDate "2013.11.20"]
[SourceQuality "1"]

1. Nf3 Nf6 2. c4 g6 3. Nc3 Bg7 4. g3 0-0 5. Bg2 d6 6. d4 c6 7. 0-0 Qa5 8. h3 e5 9. dxe5 dxe5 10. Be3 Be6 11. Nd2 Nbd7 12. Qc1 h6 13. a3 Qa6 14. b3 Rab8 15. a4 Nh5 16. Rd1 f5 17. Nf1 f4 18. gxf4 exf4 19. Bd4 f3 20. Bxf3 Nf4 21. Bxg7 Nxh3+ 22. Kh2 Kxg7 23. Ne4 Qa5 24. c5 Nf6 25. Qb2 Ng5 26. Nxg5 hxg5 27. b4 Qc7+ 28. Rd6 Kg8 29. Kg1 Rbe8 30. Rad1 g4 31. Bg2 Nh5 32. e3 a6 33. R1d2 Qf7 34. Qd4 Qf5 35. Qe4 Qf7 36. Qd4 Qf5 37. Qb2 g3 38. fxg3 Qg5 39. Rf2 Nxg3 40. Rxf8+ Rxf8 41. Rxe6 Rxf1+ 42. Bxf1 Ne2+ 43. Kf2 Qg3+ 44. Kxe2 Qh2+ 45. Kf3 Qxb2 46. Rxg6+ Kf8 47. Rg4 Qb1 48. Be2 a5 49. bxa5 Qe1 50. a6 bxa6 51. Bxa6 Qa5 52. Bd3 Qxc5 53. Rd4 Qh5+ 54. Kf2 Qh2+ 1/2-1/2

[Event "Quebec-ch op"]
[Site "Montreal"]
[Date "2013.07.25"]
[Round "6"]
[White "Sapozhnikov, Roman"]
[Black "Masse, Hugues"]
[Result "1-0"]
[WhiteElo "2272"]
[BlackElo "2187"]
[PlyCount "191"]
[EventDate "2013.07.21"]
[EventType "swiss"]
[EventRounds "9"]
[EventCountry "CAN"]
[SourceTitle "EXT 2014"]
[Source "ChessBase"]
[SourceDate "2013.11.20"]
[SourceVersion "1"]
[SourceVersionDate "2013.11.20"]
[SourceQuality "1"]

1. e4 e6 2. d4 d5 3. Nc3 Nc6 4. Nf3 Nf6 5. e5 Ne4 6. Bd3 Bb4 7. Bd2 Nxd2 8. Qxd2 f6 9. Bb5 Bd7 10. exf6 Qxf6 11. Bxc6 Bxc6 12. 0-0 0-0 13. a3 Bd6 14. Rae1 Bd7 15. Ne5 Rad8 16. f4 c6 17. Na2 Be8 18. Nc1 Bg6 19. Ncd3 Bxd3 20. Qxd3 Bxe5 21. Rxe5 Rde8 22. g3 Qg6 23. Qb3 Rf7 24. Rf2 Ree7 25. Qb4 Rd7 26. Rfe2 Rf6 27. f5 Qg4 28. fxe6 Qf3 29. Qe1 Re7 30. R2e3 Qg4 31. Qe2 Qxd4 32. c3 Qc5 33. b4 Qb6 34. Kg2 Qd8 35. Rf3 Qf8 36. Rxf6 Qxf6 37. Qe3 h6 38. g4 Qg6 39. Kg3 a6 40. a4 Kh7 41. h4 Qf6 42. g5 Qg6 43. Qe2 h5 44. c4 Kg8 45. cxd5 cxd5 46. Qd1 Kh7 47. Qxd5 Qe8 48. a5 Qc8 49. Qe4+ g6 50. Rc5 Qd8 51. Qd5 Qb8+ 52. Qe5 Qd8 53. Rd5 Qe8 54. Rd6 Qa4 55. Qe4 Qb3+ 56. Rd3 Qb1 57. Kg2 Qc2+ 58. Kh3 Qb1 59. Qf3 Qe1 60. Rd6 Qe5 61. Rb6 Rc7 62. Rxb7 Qxe6+ 63. Kg2 Rxb7 64. Qxb7+ Kg8 65. Qb8+ Kh7 66. Qc7+ Kg8 67. Qd8+ Kh7 68. Qc7+ Kg8 69. Qd8+ Kh7 70. Qd4 Qe2+ 71. Kg3 Qe1+ 72. Kf3 Qh1+ 73. Ke3 Qe1+ 74. Kd3 Qf1+ 75. Kd2 Qg2+ 76. Kc3 Qf3+ 77. Qd3 Qb7 78. Kb3 Qc6 79. Kb2 Qg2+ 80. Ka3 Qc6 81. Qe3 Qd7 82. Qf3 Qe6 83. Qc3 Qd6 84. Qe3 Qd7 85. Qe4 Qc7 86. Kb3 Qd7 87. Kc3 Qc7+ 88. Qc4 Qb7 89. Kb2 Qg2+ 90. Qc2 Qb7 91. Ka3 Qd7 92. Qc4 Qd6 93. Qf7+ Kh8 94. Qf6+ Qxf6 95. gxf6 g5 96. b5 1-0

[Event "Quebec-ch op"]
[Site "Montreal"]
[Date "2013.07.21"]
[Round "1"]
[White "Sapozhnikov, Roman"]
[Black "Chirila, Ioan Cristian"]
[Result "0-1"]
[WhiteElo "2272"]
[BlackElo "2528"]
[PlyCount "130"]
[EventDate "2013.07.21"]
[EventType "swiss"]
[EventRounds "9"]
[EventCountry "CAN"]
[SourceTitle "EXT 2014"]
[Source "ChessBase"]
[SourceDate "2013.11.20"]
[SourceVersion "1"]
[SourceVersionDate "2013.11.20"]
[SourceQuality "1"]

1. e4 e5 2. Nf3 Nc6 3. Bb5 a6 4. Ba4 Nf6 5. 0-0 Be7 6. d3 b5 7. Bb3 d6 8. a4 Bd7 9. c3 Na5 10. Bc2 0-0 11. d4 Nc6 12. d5 Na5 13. Nbd2 c6 14. b4 Nb7 15. dxc6 Bxc6 16. Qe2 Qc7 17. Bb2 Rfc8 18. Bd3 bxa4 19. c4 Be8 20. Rfc1 a5 21. b5 Nc5 22. Bc2 Qb7 23. Re1 Nfd7 24. Bxa4 Nb6 25. Bc2 f6 26. Ra3 Ne6 27. Rc3 Bf7 28. Qe3 Nd7 29. Ba3 Ndc5 30. Bd3 Bd8 31. Bf1 Bb6 32. Qe2 Qa7 33. Qd1 Nb7 34. c5 Nexc5 35. Bc4 Nd8 36. Bxf7+ Nxf7 37. Nc4 Ne6 38. Rf1 Nd4 39. Nxd4 Bxd4 40. Rc1 Qb7 41. Qb3 a4 42. Qb4 Bc5 43. Qb1 Rab8 44. b6 g6 45. Bxc5 Rxc5 46. Qb4 Qxe4 47. Qxa4 Qc6 48. Qa7 Rb7 49. Qa6 Rb8 50. Qa7 Rb7 51. Qa6 Nd8 52. Qa2 Rf7 53. h3 d5 54. Rfd1 Nb7 55. Qa7 Kg7 56. Nxe5 fxe5 57. Rxc5 Qxc5 58. Qa2 Qxb6 59. Rxd5 Qf6 60. Qb2 e4 61. Qe5 Qxe5 62. Rxe5 Nd6 63. Kf1 Kf6 64. Ra5 Rb7 65. Ke2 Rb2+ 0-1

[Event "Canadian op 50th"]
[Site "Ottawa"]
[Date "2013.07.20"]
[Round "9"]
[White "Perez Rodriguez, Luis Manuel"]
[Black "Sapozhnikov, Roman"]
[Result "1/2-1/2"]
[WhiteElo "2427"]
[BlackElo "2272"]
[PlyCount "58"]
[EventDate "2013.07.13"]
[EventType "swiss"]
[EventRounds "9"]
[EventCountry "CAN"]
[SourceTitle "CBM 155 Extra"]
[Source "ChessBase"]
[SourceDate "2013.08.26"]
[SourceVersion "1"]
[SourceVersionDate "2013.08.26"]
[SourceQuality "1"]

1. e4 e6 2. d4 d5 3. exd5 exd5 4. c4 Nf6 5. Nc3 dxc4 6. Bxc4 Bd6 7. Nf3 0-0 8. 0-0 Nc6 9. Re1 Bg4 10. Be3 h6 11. h3 Bf5 12. d5 Ne7 13. Nh4 Bc8 14. Bd4 Nexd5 15. Qf3 c6 16. Rad1 Bb4 17. Bb3 Bxc3 18. bxc3 b5 19. Bxf6 Qxf6 20. Qxf6 gxf6 21. Bxd5 cxd5 22. Rxd5 a6 23. Rh5 Kh7 24. Re3 Rb8 25. Nf5 Bxf5 26. Rxf5 Kg6 27. Rf4 Rb6 28. Rg3+ Kh7 29. Rgf3 Kg6 1/2-1/2

[Event "Toronto"]
[Site "Toronto"]
[Date "2013.05.06"]
[Round "4"]
[White "Sapozhnikov, Roman"]
[Black "Barron, Michael"]
[Result "1/2-1/2"]
[WhiteElo "2388"]
[BlackElo "2294"]
[PlyCount "100"]
[EventDate "2013.04.15"]
[EventType "tourn"]
[EventRounds "7"]
[EventCountry "CAN"]
[SourceTitle "EXT 2022"]
[Source "ChessBase"]
[SourceDate "2021.10.06"]
[SourceVersion "1"]
[SourceVersionDate "2021.10.06"]
[SourceQuality "1"]

1. e4 e5 2. Nf3 Nc6 3. Bb5 a6 4. Ba4 Nf6 5. 0-0 Be7 6. d3 b5 7. Bb3 0-0 8. a4 b4 9. a5 d6 10. Nbd2 h6 11. c3 Rb8 12. Re1 Be6 13. Bxe6 fxe6 14. d4 bxc3 15. bxc3 exd4 16. cxd4 d5 17. e5 Nd7 18. Qc2 Nb4 19. Qg6 Kh8 20. Ba3 c5 21. Bxb4 Rxb4 22. Qxe6 Nb8 23. Nf1 cxd4 24. Ng3 Qd7 25. Qxd7 Nxd7 26. e6 Nc5 27. Ne5 Re8 28. Nf5 Bf6 29. Nd7 Nxd7 30. exd7 Rd8 31. Re8+ Kh7 32. Rxd8 Bxd8 33. Rd1 Rb7 34. Nxd4 Rxd7 35. Nc6 Rd6 36. Nxd8 Rxd8 37. Kf1 Kg6 38. Rb1 Kf5 39. Rb6 Rc8 40. Rxa6 Ke4 41. Re6+ Kd3 42. Re1 Kc2 43. Re2+ Kc3 44. Re3+ Kb4 45. a6 Rc5 46. Re7 Ra5 47. a7 Kc3 48. Re3+ Kd2 49. Re2+ Kd3 50. Re3+ Kd2 1/2-1/2

[Event "Toronto"]
[Site "Toronto"]
[Date "2013.04.29"]
[Round "3"]
[White "Sapozhnikov, Roman"]
[Black "Tonakanian, Stephan"]
[Result "1-0"]
[WhiteElo "2388"]
[BlackElo "2129"]
[PlyCount "55"]
[EventDate "2013.04.15"]
[EventType "tourn"]
[EventRounds "7"]
[EventCountry "CAN"]
[SourceTitle "EXT 2022"]
[Source "ChessBase"]
[SourceDate "2021.10.06"]
[SourceVersion "1"]
[SourceVersionDate "2021.10.06"]
[SourceQuality "1"]

1. e4 e6 2. d4 d5 3. Nc3 dxe4 4. Nxe4 Nd7 5. Nf3 Ngf6 6. Nxf6+ Nxf6 7. c3 Be7 8. Bb5+ c6 9. Bd3 b6 10. Ne5 Bb7 11. Qf3 Qd5 12. Qg3 Kf8 13. 0-0 c5 14. Be3 h5 15. Rfd1 Ng4 16. c4 Qd8 17. dxc5 Nxe5 18. Be4 Qc7 19. Bxb7 Qxb7 20. Qxe5 bxc5 21. Bxc5 h4 22. h3 Rc8 23. Bxe7+ Qxe7 24. Qb5 Rh6 25. Rd7 Qc5 26. Rd8+ Ke7 27. Qd7+ Kf6 28. Rxc8 1-0

[Event "CAN-ch U18"]
[Site "Toronto"]
[Date "2012.12.26"]
[Round "9"]
[White "Chiku Ratte, Olivier Kenta"]
[Black "Sapozhnikov, Roman"]
[Result "0-1"]
[WhiteElo "2064"]
[BlackElo "2334"]
[PlyCount "116"]
[EventDate "2012.12.26"]
[EventType "tourn"]
[EventRounds "9"]
[EventCountry "CAN"]
[SourceTitle "CBM 152 Extra"]
[Source "ChessBase"]
[SourceDate "2013.02.25"]
[SourceVersion "1"]
[SourceVersionDate "2013.02.25"]
[SourceQuality "1"]

1. d4 d6 2. c4 e5 3. e3 Nf6 4. Nc3 Nbd7 5. g3 g6 6. Bg2 Bg7 7. Nge2 0-0 8. 0-0 Re8 9. b3 e4 10. Qc2 Qe7 11. Ba3 Nf8 12. Nf4 c6 13. Rae1 Bf5 14. Qd2 Qd7 15. f3 h5 16. fxe4 Nxe4 17. Nxe4 Bxe4 18. Bh3 Qe7 19. d5 c5 20. Bb2 Nh7 21. Bxg7 Kxg7 22. Qc3+ Qe5 23. Qxe5+ Rxe5 24. Bg2 a6 25. Bxe4 Rxe4 26. a4 Rae8 27. Kf2 b5 28. axb5 axb5 29. cxb5 Rb4 30. Ra1 Rxb5 31. Ra6 Nf6 32. Kg1 g5 33. Nh3 Ne4 34. Ra7 Rf8 35. Re7 Rb4 36. Rd7 Rxb3 37. Nf2 Nd2 38. Rd1 Nf3+ 39. Kf1 Ne5 40. Ra7 Nc4 41. Rd3 Rxd3 42. Nxd3 Nxe3+ 43. Kf2 Nxd5 44. Rd7 Nf6 45. Rc7 Ng4+ 46. Kg2 Ra8 47. h3 Nf6 48. Rc6 Ne4 49. Kf3 Re8 50. h4 f6 51. hxg5 fxg5 52. g4 h4 53. Rc7+ Kg6 54. Rc6 Re6 55. Ne1 Nf6 56. Nc2 Nd5 57. Na3 Re3+ 58. Kf2 Rxa3 0-1

[Event "CAN-ch U18"]
[Site "Toronto"]
[Date "2012.12.26"]
[Round "5"]
[White "Sapozhnikov, Roman"]
[Black "Song, Michael"]
[Result "1/2-1/2"]
[WhiteElo "2334"]
[BlackElo "2177"]
[PlyCount "63"]
[EventDate "2012.12.26"]
[EventType "tourn"]
[EventRounds "9"]
[EventCountry "CAN"]
[SourceTitle "CBM 152 Extra"]
[Source "ChessBase"]
[SourceDate "2013.02.25"]
[SourceVersion "1"]
[SourceVersionDate "2013.02.25"]
[SourceQuality "1"]

1. e4 c5 2. Nf3 Nc6 3. d4 cxd4 4. Nxd4 g6 5. Nc3 Bg7 6. Nb3 Bxc3+ 7. bxc3 Nf6 8. Bd3 d5 9. exd5 Qxd5 10. 0-0 0-0 11. c4 Qd6 12. c5 Qd5 13. Bb2 Bg4 14. f3 Bf5 15. Qe2 Bxd3 16. cxd3 a5 17. Qe3 a4 18. Nd2 Rfd8 19. Ne4 Nxe4 20. dxe4 Qd3 21. Qxd3 Rxd3 22. Rab1 Rd2 23. Rf2 Rad8 24. Bc3 Rd1+ 25. Rf1 Rxb1 26. Rxb1 Rd3 27. Be1 Rd7 28. Kf1 Kf8 29. Rc1 Ke8 30. Bc3 Kd8 31. Ke2 Kc7 32. Rb1 1/2-1/2

[Event "CAN-ch U18"]
[Site "Toronto"]
[Date "2012.12.26"]
[Round "7"]
[White "Sapozhnikov, Roman"]
[Black "Wang, Richard"]
[Result "1/2-1/2"]
[WhiteElo "2334"]
[BlackElo "2370"]
[PlyCount "77"]
[EventDate "2012.12.26"]
[EventType "tourn"]
[EventRounds "9"]
[EventCountry "CAN"]
[SourceTitle "CBM 152 Extra"]
[Source "ChessBase"]
[SourceDate "2013.02.25"]
[SourceVersion "1"]
[SourceVersionDate "2013.02.25"]
[SourceQuality "1"]

1. Nf3 c5 2. e4 g6 3. d4 cxd4 4. Nxd4 Bg7 5. Nc3 Nc6 6. Be3 Nf6 7. Bc4 0-0 8. Bb3 d6 9. h3 Bd7 10. 0-0 Qa5 11. Re1 Rfe8 12. Qe2 Rac8 13. Rad1 a6 14. Nf3 b5 15. Nd5 Nxd5 16. exd5 Ne5 17. Nxe5 dxe5 18. c4 bxc4 19. Bxc4 Bb5 20. b3 f5 21. f3 Red8 22. Qf2 Qb4 23. Bd2 Qd6 24. Ba5 Rf8 25. Rc1 Bh6 26. Bd2 Bg7 27. Qe2 Bxc4 28. bxc4 e6 29. dxe6 Qxe6 30. Be3 e4 31. Bf2 Rfe8 32. fxe4 fxe4 33. Be3 Rcd8 34. Rcd1 Bc3 35. Rxd8 Rxd8 36. Rd1 Rb8 37. Rd5 Rb1+ 38. Rd1 Rb8 39. Rd5 1/2-1/2

[Event "Montreal-ch op"]
[Site "Montreal"]
[Date "2012.09.09"]
[Round "4"]
[White "Hambleton, Aman"]
[Black "Sapozhnikov, Roman"]
[Result "1/2-1/2"]
[WhiteElo "2293"]
[BlackElo "2332"]
[PlyCount "45"]
[EventDate "2012.09.07"]
[EventType "swiss"]
[EventRounds "5"]
[EventCountry "CAN"]
[SourceTitle "EXT 2013"]
[Source "ChessBase"]
[SourceDate "2012.11.22"]
[SourceVersion "1"]
[SourceVersionDate "2012.11.22"]
[SourceQuality "1"]

1. d4 d6 2. c4 e5 3. d5 f5 4. e4 fxe4 5. Nc3 Nf6 6. Nge2 Bf5 7. Ng3 Bg6 8. h4 h6 9. Be3 Be7 10. Be2 Nbd7 11. Qc2 0-0 12. h5 Bh7 13. Ngxe4 Nxe4 14. Nxe4 Nf6 15. Bd3 Nxe4 16. Bxe4 Bxe4 17. Qxe4 Bg5 18. Ke2 Bxe3 19. fxe3 Qg5 20. Rh3 Rf6 21. Rf1 Rxf1 22. Kxf1 Rf8+ 23. Ke2 1/2-1/2

[Event "Montreal-ch op"]
[Site "Montreal"]
[Date "2012.09.08"]
[Round "3"]
[White "Sapozhnikov, Roman"]
[Black "Tomb, Maroun"]
[Result "1-0"]
[WhiteElo "2332"]
[BlackElo "2144"]
[PlyCount "39"]
[EventDate "2012.09.07"]
[EventType "swiss"]
[EventRounds "5"]
[EventCountry "CAN"]
[SourceTitle "EXT 2013"]
[Source "ChessBase"]
[SourceDate "2012.11.22"]
[SourceVersion "1"]
[SourceVersionDate "2012.11.22"]
[SourceQuality "1"]

1. e4 c5 2. Nf3 Nc6 3. d4 cxd4 4. Nxd4 g6 5. Nc3 Bg7 6. Be3 Nf6 7. Bc4 0-0 8. Bb3 a5 9. 0-0 a4 10. Nxa4 Nxe4 11. Nb5 d6 12. Bb6 Qd7 13. c4 Nc5 14. Nc7 Rb8 15. Re1 Nxa4 16. Bxa4 Bxb2 17. Rb1 Bc3 18. Re3 Bd4 19. Qxd4 Qf5 20. Qd1 1-0

[Event "Montreal-ch op"]
[Site "Montreal"]
[Date "2012.09.07"]
[Round "1"]
[White "Sapozhnikov, Roman"]
[Black "Poulin, Mathieu"]
[Result "1-0"]
[WhiteElo "2332"]
[BlackElo "2057"]
[PlyCount "67"]
[EventDate "2012.09.07"]
[EventType "swiss"]
[EventRounds "5"]
[EventCountry "CAN"]
[SourceTitle "EXT 2013"]
[Source "ChessBase"]
[SourceDate "2012.11.22"]
[SourceVersion "1"]
[SourceVersionDate "2012.11.22"]
[SourceQuality "1"]

1. e4 c6 2. d4 d5 3. e5 Bf5 4. Nf3 e6 5. Be2 c5 6. Be3 Nc6 7. dxc5 Qc7 8. 0-0 Nge7 9. Bd4 Nxd4 10. Nxd4 Qxc5 11. Bb5+ Nc6 12. Bxc6+ bxc6 13. Nxf5 exf5 14. Nd2 Qb4 15. Nb3 g6 16. Nd4 Rc8 17. Qd3 Qb6 18. c4 Rd8 19. Rad1 Bg7 20. c5 Qxc5 21. Rc1 Qb6 22. Nxc6 Rd7 23. Qa3 Bf8 24. Qa4 Bh6 25. e6 Rb7 26. Na5+ Ke7 27. Nxb7 Bxc1 28. Qd7+ Kf6 29. Qxf7+ Kg5 30. Rxc1 Qxb2 31. Rf1 d4 32. e7 Qb5 33. Nd6 Qd7 34. e8Q 1-0

[Event "Toronto Labour Day op"]
[Site "Toronto"]
[Date "2012.09.01"]
[Round "1"]
[White "Olheiser, Gordon"]
[Black "Sapozhnikov, Roman"]
[Result "0-1"]
[WhiteElo "2132"]
[BlackElo "2470"]
[PlyCount "92"]
[EventDate "2012.09.01"]
[EventType "swiss"]
[EventRounds "6"]
[EventCountry "CAN"]
[SourceTitle "EXT 2022"]
[Source "ChessBase"]
[SourceDate "2021.10.06"]
[SourceVersion "1"]
[SourceVersionDate "2021.10.06"]
[SourceQuality "1"]

1. Nf3 Nf6 2. c4 e6 3. g3 d5 4. Bg2 Be7 5. 0-0 0-0 6. b3 dxc4 7. bxc4 c5 8. d3 Nc6 9. Bb2 Qc7 10. Nc3 a6 11. Rb1 Rb8 12. Ba1 b6 13. e3 Rd8 14. Qe2 Bb7 15. a3 Ba8 16. Ne1 Ne8 17. f4 Nd6 18. g4 b5 19. cxb5 axb5 20. Ne4 c4 21. Qb2 Ne8 22. dxc4 bxc4 23. Qc2 Qa7 24. Rf3 Qxa3 25. Bb2 Qa6 26. Rh3 Nb4 27. Nc5 Nxc2 28. Nxa6 Nxe1 29. Nxb8 Bxg2 30. Rg3 Rxb8 31. Rxe1 Bd5 32. Be5 Rc8 33. Rc1 Ba3 34. Ra1 Bb4 35. Kf2 Bd2 36. Rgg1 c3 37. Ke2 f6 38. Bd4 Kf7 39. g5 f5 40. h4 g6 41. Ra7+ Rc7 42. Rga1 Bb7 43. Kd1 Nd6 44. Be5 Ke7 45. Kc2 Rd7 46. Bxc3 Bxc3 0-1

[Event "Toronto Labour Day op"]
[Site "Toronto"]
[Date "2012.09.01"]
[Round "2"]
[White "Sapozhnikov, Roman"]
[Black "Efemuai, Martins Oteri"]
[Result "1/2-1/2"]
[WhiteElo "2470"]
[BlackElo "2237"]
[PlyCount "101"]
[EventDate "2012.09.01"]
[EventType "swiss"]
[EventRounds "6"]
[EventCountry "CAN"]
[SourceTitle "EXT 2022"]
[Source "ChessBase"]
[SourceDate "2021.10.06"]
[SourceVersion "1"]
[SourceVersionDate "2021.10.06"]
[SourceQuality "1"]

1. e4 c5 2. Nf3 d6 3. d4 cxd4 4. Nxd4 Nf6 5. Nc3 a6 6. Be3 Ng4 7. Bc1 Nf6 8. Be3 Ng4 9. Bg5 h6 10. Bh4 g5 11. Bg3 Bg7 12. Qd2 Nc6 13. Nb3 Bd7 14. f3 Nge5 15. h4 gxh4 16. Bxh4 b5 17. Bf2 Rb8 18. Nd5 Nc4 19. Bxc4 bxc4 20. Nd4 Rxb2 21. Nxc6 Bxc6 22. Bd4 Rxc2 23. Qxc2 Bxd4 24. 0-0-0 Bc5 25. Qc3 Rg8 26. Rxh6 Bxd5 27. Rxd5 Qb6 28. Rh8 Ba3+ 29. Kc2 Rxh8 30. Qxh8+ Kd7 31. Qc3 e6 32. Rd4 a5 33. Rxc4 Bc5 34. Qb3 Qc6 35. Qa4 e5 36. Qxa5 Ke7 37. a4 Qc8 38. Qb5 Qg8 39. g4 Kf6 40. a5 Qh8 41. Rxc5 Qh2+ 42. Kb3 dxc5 43. Qc6+ Kg5 44. Qxc5 Kf4 45. a6 Qd2 46. a7 Qd8 47. Qa3 Qd3+ 48. Kb2 Qd4+ 49. Kc2 Qf2+ 50. Kb3 Qb6+ 51. Kc4 1/2-1/2